000 00833cam a22002294a 4500
001 78822
003 BD-RjUL
005 20211209083158.0
008 211117s1951 ua 000 0|ararc
035 _a(BD-RjUL)79049
040 _aLEILA
_cLEILA
_dPUL
_dIXA
_dDLC
_beng
041 _aara
082 _223
_a297.648
_bNAK 1951
100 _anajaar abd alwahaab ;; نجار, عبد الوهاب
_9250183
245 1 0 _aالخلفاء الراشدين‏ ;; Al-khulafāʼ al-rāshidīn /
_cعبد الوهاب النجار ;; Abdul Wahab Al-Najjar
260 _aالقاهرة :
_bدار الفجر للتراث,
_c1427 [2006 ]
300 _a483 p. ;
_c22 cm.
504 _aIncludes bibliographical references
600 0 0 _aMuḥammad,
_cProphet,
_d-632
_xCompanions.
_9250185
650 0 _aCaliphs
_vBiography.
_9245040
942 _2ddc
_cBK
999 _c78822
_d78822